Krishan Chandar K Bemisal Afsaney/ (Record no. 613028)

000 -LEADER
fixed length control field 00441nam a22001337a 4500
082 ## - DEWEY DECIMAL CLASSIFICATION NUMBER
Classification number 891.4393
Author Mark KRI
245 ## - TITLE STATEMENT
Title Krishan Chandar K Bemisal Afsaney/
Remainder of title By Tahir Mansoor Farooqui
260 ## - PUBLICATION, DISTRIBUTION, ETC.
Place of publication, distribution, etc. لاہور:
Name of publisher, distributor, etc. الحمد پبلی کیشنز,
Date of publication, distribution, etc. 2008
300 ## - PHYSICAL DESCRIPTION
Extent 349p.;
563 ## - BINDING INFORMATION
Binding note Hardcover
880 ## - ALTERNATE GRAPHIC REPRESENTATION
Linkage 100-01\r
Title طاہر منصور فاروقی
880 ## - ALTERNATE GRAPHIC REPRESENTATION
Linkage 245-02\r
Title کرشن چندر کے بے مثال افسانے
942 ## - ADDED ENTRY ELEMENTS (KOHA)
Source of classification or shelving scheme
Koha item type Book
Holdings
Withdrawn status Lost status Source of classification or shelving scheme Damaged status Not for loan Permanent Location Current Location Shelving location Date acquired Source of acquisition Total Checkouts Full call number Barcode Checked out Date last seen Date last checked out Price effective from Koha item type
          Central Library (CL) Central Library (CL) Fiction 02/28/2025 Donation 1 891.4393 KRI CL-D-2677 03/17/2026 02/15/2026 02/15/2026 02/28/2025 Book
© 2023 Central Library, National University of Sciences and Technology. All Rights Reserved.